| 000 | 01143nam a22002177a 4500 | ||
|---|---|---|---|
| 999 |
_c58958 _d58958 |
||
| 003 | Ge_BSU | ||
| 005 | 20221024153944.0 | ||
| 008 | 221024s2006 ge ||||| |||| 00| 0 geo d | ||
| 020 | _a9994087142 | ||
| 041 | _ageo | ||
| 080 | _a341.217(4)(042.4) კ-24 | ||
| 100 |
_aკაპანაძე, სერგი _915493 |
||
| 245 |
_aევროკავშირის პოლიტიკა : _bსალექციო კურსი სოციალ. მეცნ. მაგისტრატურისათვის / _c სერგი კაპანაძე ; [მთ. რედ.: მარინე ჩიტაშვილი, ენობრ. რედ.: ლია კაჭარავა]. |
||
| 264 |
_aთბილისი : _b სოციალურ მეცნიერებათა ცენტრი, _c2006. |
||
| 300 |
_a94 გვ. ; _b29 სმ. |
||
| 440 |
_aსოციალურ მეცნიერებათა სერია _9955 |
||
| 520 | _a რეზ. ინგლ. ენ. | ||
| 653 | _aევროკავშირი. | ||
| 653 | _aსამართალი | ||
| 942 |
_2udc _cBK |
||